Review of physiological chemistry (Record no. 29490)

MARC details
000 -LEADER
fixed length control field 00254nam a2200109Ia 4500
082 ## - DEWEY DECIMAL CLASSIFICATION NUMBER
Classification number 577.1
Item number HAR
100 ## - MAIN ENTRY--AUTHOR NAME
Personal name Harper, H A
245 #0 - TITLE STATEMENT
Title Review of physiological chemistry
250 ## - EDITION STATEMENT
Edition statement Ed.16
942 ## - ADDED ENTRY ELEMENTS (KOHA)
Koha item type Books
Holdings
Withdrawn status Lost status Damaged status Not for loan Home library Current library Date acquired Cost, normal purchase price Full call number Accession Number Koha item type
        RRII Library RRII Library 16/12/2021 71.35 577.1 HAR 10077 Books